Normal view MARC view

Entry Corporate Name

Number of records used in: 15

001 - CONTROL NUMBER

  • control field: 33473

003 - CONTROL NUMBER IDENTIFIER

  • control field: dpl

005 - DATE AND TIME OF LATEST TRANSACTION

  • control field: 20110824095507.0

008 - FIXED-LENGTH DATA ELEMENTS

  • fixed length control field: 110824|||a|||||| | ||| d

040 ## - CATALOGING SOURCE

  • Original cataloging agency: dpl
  • Transcribing agency: dpl

110 ## - HEADING--CORPORATE NAME

  • Corporate name or jurisdiction name as entry element: Moser Baer (New Delhi, India)

670 ## - SOURCE DATA FOUND

  • Source citation: Work cat.: (dpl)0: Meri surat teri ankhen /, p2010.

670 ## - SOURCE DATA FOUND

  • Source citation: Work cat.: (dpl)0: Meri surat teri ankhen /, p2010.

© Delhi Public Library
Hit Counter
free hit counter